| 000 | 00648nam a22002172 4500 | ||
|---|---|---|---|
| 001 | 0000024880 | ||
| 005 | 20151217155237.0 | ||
| 008 | 140321s xx 000 0 eng d | ||
| 020 | _a0071089012 : | ||
| 040 |
_aKABU _cKABU |
||
| 100 | 1 |
_aHayt, William H. _@0000185133 |
|
| 245 | 1 | 0 |
_aEngineering electromagnetics / _cWilliam H. Hayt, John A. Buck. |
| 250 | _a8th ed. | ||
| 260 |
_aNew York : _bMcGraw-Hill, _c2012. |
||
| 300 | _axiv, 593 p. | ||
| 650 | 0 |
_aElectromagnetic theory. _@0000153939 |
|
| 700 | 1 |
_aBuck, John A. _@0000185134 |
|
| 852 | 1 | _9p3950 KES | |
| 908 | _a140321 | ||
| 950 | _@1 | ||
| 999 |
_c12249 _d12249 |
||